000 00217 a2200097 4500
001 47886
100 _aMowat, R C
245 _aMiddle East Perspective
260 _aLondon
_bBlandford Press
_c
090 _c30881
_d30881
942 _aNUST-CAE
_cM
_c23204
999 _c282959
_d282959